| 000 | 01307cam a22003374a 4500 | ||
|---|---|---|---|
| 001 | 14100920 | ||
| 003 | OSt | ||
| 005 | 20250901165801.0 | ||
| 008 | 050908s2005 nyua 001 0 eng | ||
| 010 | _a 2005054425 | ||
| 020 | _a1591841070 | ||
| 040 |
_aDLC _cDLC _dDLC |
||
| 042 | _apcc | ||
| 050 | 0 | 0 |
_aHD 58 .8 .M633 2005 _b.M633 2005 |
| 082 | 0 | 0 |
_a658.4/063 _222 |
| 100 | 1 |
_aMoore, Geoffrey A., _d1946- |
|
| 245 | 1 | 0 |
_aDealing with Darwin : _bhow great companies innovate at every phase of their evolution / _cGeoffrey A. Moore. |
| 260 |
_aNew York : _bPortfolio, _cc2005. |
||
| 300 |
_axxii, 281 p. : _bill. ; _c24 cm. |
||
| 500 | _aIncludes index. | ||
| 650 | 0 | _aOrganizational change. | |
| 650 | 0 | _aCompetition. | |
| 650 | 0 | _aCreative ability in business. | |
| 650 | 0 |
_aTechnological innovations _xManagement |
|
| 650 | 0 | _aIndustrial management. | |
| 856 | 4 | 2 |
_3Publisher description _uhttp://www.loc.gov/catdir/enhancements/fy0720/2005054425-d.html |
| 856 | 4 | 2 |
_3Contributor biographical information _uhttp://www.loc.gov/catdir/enhancements/fy0720/2005054425-b.html |
| 906 |
_a7 _bcbc _corignew _d1 _eocip _f20 _gy-gencatlg |
||
| 942 |
_2lcc _cBK |
||
| 999 |
_c9186 _d9186 |
||